| 000 | 00623nam a22002057a 4500 | ||
|---|---|---|---|
| 003 | koha_MIRAKIL | ||
| 005 | 20250509103146.0 | ||
| 008 | 250509b tur||||| |||| 00| 0 tur d | ||
| 020 | _a9786051924694 | ||
| 040 |
_aTR-IsEVY _btur _cTR-IsEVY |
||
| 041 | _atur | ||
| 082 | _aFIC SOU/G | ||
| 100 | _aSoulieres, Robert | ||
| 245 | 0 |
_aGeciken Robert / _cRobert Soulieres ; resimleyen Cyril Doisneau. |
|
| 260 |
_aİstanbul : _bHep Kitap, _c2022. |
||
| 300 |
_a15 s. : _brenkli resim. ; _c19 cm. |
||
| 650 |
_aÇocuk edebiyatı. _vResimli Kitaplar. _vGecikme. |
||
| 700 | 1 |
_aDoisneau, Cyril. _cresimleyen. |
|
| 942 |
_2ddc _cBK |
||
| 999 |
_c22205 _d22205 |
||